[Event "London Classic op U1600 11th"]
[White "Ceschia, Matteo"]
[Black "Hotarek, Jan"]
[Site "London"]
[Round "4"]
[Result "0-1"]
[Date "2019.12.01"]
[WhiteElo "1146"]
[BlackElo "1396"]
[PlyCount "44"]
[EventDate "2019.11.29"]
[EventType "swiss"]
[EventRounds "5"]
[EventCountry "ENG"]
[SourceTitle "CBM 195 Extra"]
[Source "ChessBase"]
[SourceDate "2020.05.31"]
[SourceVersion "1"]
[SourceVersionDate "2020.05.31"]
[SourceQuality "1"]

1. c4 e5 2. Nc3 Nc6 3. Nf3 Bc5 4. a3 a6 5. b4 Ba7 6. e3 Qe7 7. Nd5 Qd6 8. Qb3 b6 9. Ng5 Bb8 10. c5 Qg6 11. h4 h6 12. Bd3 f5 13. Bc4 hxg5 14. Nxc7+ Bxc7 15. Bf7+ Qxf7 16. Qxf7+ Kxf7 17. h5 bxc5 18. bxc5 Rb8 19. d3 Ba5+ 20. Ke2 Nf6 21. e4 Nd4+ 22. Ke3 f4# 0-1

[Event "London Classic op U1600 11th"]
[White "Richards, Geoffrey"]
[Black "Ceschia, Matteo"]
[Site "London"]
[Round "5"]
[Result "0-1"]
[Date "2019.12.01"]
[WhiteElo "1360"]
[BlackElo "1146"]
[PlyCount "36"]
[EventDate "2019.11.29"]
[EventType "swiss"]
[EventRounds "5"]
[EventCountry "ENG"]
[SourceTitle "CBM 195 Extra"]
[Source "ChessBase"]
[SourceDate "2020.05.31"]
[SourceVersion "1"]
[SourceVersionDate "2020.05.31"]
[SourceQuality "1"]

1. d4 e6 2. e4 d5 3. e5 c5 4. c3 Nc6 5. Ne2 Nge7 6. Nd2 Nf5 7. Nf3 Bd7 8. Nf4 h6 9. Qe2 cxd4 10. cxd4 Ncxd4 11. Nxd4 Nxd4 12. Qd3 Nc6 13. Qe3 Bb4+ 14. Kd1 Qc7 15. Nd3 Rc8 16. a3 Ba5 17. f4 Bb6 18. Qe2 Nd4 0-1